[Event "Open C Women"]
[Site "Moscow RUS"]
[Date "2010.02.06"]
[Round "8"]
[White "Zhao Xue"]
[Black "Paehtz,E"]
[Result "1-0"]
[WhiteElo "2504"]
[BlackElo "2484"]
[EventDate "2010.01.30"]

1. d4 d5 2. c4 c6 3. Nc3 Nf6 4. e3 g6 5. Nf3 Bg7 6. Bd3 O-O 7. O-O Bg4 8.
h3 Bxf3 9. Qxf3 e6 10. Rd1 Nbd7 11. b3 Re8 12. Bb2 a5 13. Qe2 Qb6 14. Rac1
Bf8 15. Qc2 Rac8 16. Re1 Qa7 17. Rcd1 Bg7 18. a3 e5 19. dxe5 Nxe5 20. cxd5
Nxd5 21. Nxd5 cxd5 22. Qb1 Nc6 23. Bxg7 Kxg7 24. Qb2+ Kg8 25. Be2 Rcd8 26.
Bf3 Re5 27. Re2 Qc5 28. Red2 f6 29. g3 Kg7 30. Kh2 Rd6 31. Bg2 Rd8 32. Rd3
Rd6 33. b4 axb4 34. axb4 Qb5 35. Rb3 Ree6 36. Bf1 Qb6 37. b5 Ne5 38. Bg2
Qd8 39. Rd4 Re7 40. Rc3 Red7 41. Qb4 Qb6 42. Rc8 Rd8 43. Rc5 R8d7 44. Rcxd5
Rxd5 45. Rxd5 Qd8 46. Rxd7+ Qxd7 47. b6 Nf7 48. Qc5 Qd2 49. f4 Nd6 50. Qc7+
Kg8 51. Qd8+ Kf7 52. Qd7+ Kg8 53. Qe6+ Kg7 54. Qe7+ Kg8 55. Qxf6 Nf5 56.
Qe6+ Kg7 57. Qe5+ Kh6 58. Qf6 Qb4 59. g4 Nxe3 1-0

[Event "Open C Women"]
[Site "Moscow RUS"]
[Date "2010.02.06"]
[Round "8"]
[White "Gunina,V"]
[Black "Romanko,M"]
[Result "1-0"]
[WhiteElo "2448"]
[BlackElo "2433"]
[EventDate "2010.01.30"]

1. d4 g6 2. Nf3 Bg7 3. Bf4 d6 4. e3 Nd7 5. c3 Ngf6 6. h3 O-O 7. Be2 b6 8.
O-O Bb7 9. Nbd2 Ne4 10. Nxe4 Bxe4 11. a4 c5 12. a5 bxa5 13. Qa4 Rb8 14. Nd2
Ba8 15. Nc4 cxd4 16. cxd4 Nb6 17. Qxa5 Nxc4 18. Bxc4 Rxb2 19. Qxd8 Rxd8 20.
Rxa7 Rb7 21. Rfa1 Rxa7 22. Rxa7 Bf6 23. Bh6 Bc6 24. Rc7 Bd7 25. g4 e6 26.
d5 e5 27. e4 Be7 28. Ba6 Bh4 29. Kg2 Ba4 30. g5 Bd7 31. Bb7 Bb5 32. Bc6 Bd3
33. Kf3 Bf1 34. Re7 Bxh3 35. Be8 f6 36. gxf6 Bxf6 37. Rf7 Rxe8 38. Rxf6 Rd8
39. Ke3 Bg4 40. Kd3 Bd1 41. Kd2 Bh5 42. f3 Ra8 43. Ke2 Rd8 44. Kf2 g5 45.
Kg3 Bf7 46. Kg4 Rd7 47. Kxg5 Rd8 48. Kg4 Rd7 49. Kg3 Rd8 50. Kf2 Bh5 51.
Ke1 Ra8 52. Kd2 Ra2+ 53. Kc1 Ra8 54. Kb2 Rc8 55. Kb3 Rd8 56. Kb4 Rb8+ 57.
Ka5 Rb7 1-0

[Event "Open C Women"]
[Site "Moscow RUS"]
[Date "2010.02.06"]
[Round "8"]
[White "Melia,S"]
[Black "Nakhbayeva,G"]
[Result "1-0"]
[WhiteElo "2431"]
[BlackElo "2219"]
[EventDate "2010.01.30"]

1. e4 c5 2. Nf3 d6 3. d4 cxd4 4. Qxd4 Nc6 5. Bb5 Bd7 6. Bxc6 Bxc6 7. Nc3 e6
8. Bg5 Nf6 9. O-O-O Be7 10. Rhe1 Qa5 11. Kb1 O-O 12. Qd2 Qa6 13. Nd4 Rfd8
14. f3 Rac8 15. g4 Be8 16. Nd5 Nxd5 17. exd5 Bxg5 18. Qxg5 f6 19. Qd2 e5
20. Ne6 Rd7 21. f4 exf4 22. Nxf4 Bf7 23. h4 Rdc7 24. c3 Qb5 25. Ka1 Re8 26.
Rxe8+ Qxe8 27. Re1 Re7 28. Ne6 Kh8 29. Qf4 Qd7 30. g5 fxg5 31. hxg5 Kg8 32.
Qf5 Qe8 33. Rh1 g6 34. Qh3 Bxe6 35. dxe6 Qb5 36. Qe3 Qe5 37. Qxa7 Rxe6 38.
a3 Qxg5 39. Qxb7 Qe7 40. Qd5 Kg7 41. Ka2 h5 42. a4 Re5 43. Qd4 Kh7 44. Ka3
Re4 45. Qd5 Re5 46. Qd4 Re4 47. Qd5 Re5 48. Qd3 Re3 49. Rxh5+ Kg7 50. Qd4+
Re5 51. Rh1 g5 52. Qd3 Re4 53. Rd1 d5+ 54. b4 d4 55. Qc4 dxc3 56. Qxc3+ Kg6
57. Rd3 g4 58. a5 Qe6 59. Qb3 Qc8 60. Rc3 Qe8 61. Qd5 Re3 62. Qd6+ Kh7 63.
Qc7+ Kg6 64. Qb6+ Re6 65. Qd4 Re4 66. Qd6+ Re6 67. Qd3+ Kg5 68. Qd2+ Kg6
69. Qc2+ Kg5 70. Rc5+ Re5 71. Qd2+ Kf5 72. Qd3+ Kg5 73. Qe3+ Kf5 74. a6 Kf6
75. Qf4+ 1-0

[Event "Open C Women"]
[Site "Moscow RUS"]
[Date "2010.02.06"]
[Round "8"]
[White "Paikidze,N"]
[Black "Manakova,M"]
[Result "1-0"]
[WhiteElo "2278"]
[BlackElo "2346"]
[EventDate "2010.01.30"]

1. d4 Nf6 2. c4 g6 3. Nc3 Bg7 4. e4 d6 5. Nf3 O-O 6. h3 e5 7. d5 Nbd7 8.
Bg5 h6 9. Be3 Nc5 10. Nd2 a5 11. Be2 Ne8 12. g4 Bd7 13. h4 c6 14. h5 cxd5
15. cxd5 f5 16. hxg6 f4 17. Bxc5 dxc5 18. f3 Nd6 19. a4 Bf6 20. Nc4 Nxc4
21. Bxc4 Kg7 22. Qb3 Bh4+ 23. Kd2 Rf6 24. Bb5 c4 25. Qxc4 Rc8 26. Qe2 Rb6
27. Qh2 Bg5 28. Rac1 Qe7 29. Qf2 Qd6 30. Rc2 Rc7 31. Kc1 Be7 32. Bxd7 Rxd7
33. Nb5 Qxg6 34. d6 Bd8 35. Qc5 Qe6 36. Qc4 Qxc4 37. Rxc4 Rc6 38. b3 Bb6
39. Rh5 Bd4 40. Nxd4 exd4 41. e5 Rd8 42. Kc2 Kg6 43. Rf5 Rb6 44. Rxd4 Rc8+
45. Rc4 Re8 46. Rf6+ Kg5 47. d7 1-0

[Event "Open C Women"]
[Site "Moscow RUS"]
[Date "2010.02.06"]
[Round "8"]
[White "Matveeva,S"]
[Black "Pustovoitova,D"]
[Result "1/2-1/2"]
[WhiteElo "2391"]
[BlackElo "2319"]
[EventDate "2010.01.30"]

1. d4 d6 2. Nf3 Bg4 3. c4 Nd7 4. Qb3 Rb8 5. Be3 c6 6. Nc3 Nh6 7. d5 c5 8.
Bd2 Nf5 9. e3 Bxf3 10. gxf3 g6 11. Bh3 Bg7 12. Bxf5 gxf5 13. Rg1 Kf8 14.
Ke2 Ne5 15. Rg5 e6 16. Rag1 Ng6 17. Qc2 Bf6 18. Rh5 a6 19. a4 Ke7 20. f4
Qd7 21. Rg3 Rbe8 22. Kf1 Kd8 23. a5 Ne7 24. Rh6 Ng6 25. Rgh3 Rhg8 26. Na4
Qe7 27. Nb6 Nh4 28. Bc3 Bxc3 29. Qxc3 Ng6 30. Rxh7 e5 31. fxe5 Nxe5 32. Rg3
Ng4 33. h3 Nf6 34. Rxg8 Rxg8 35. Rh6 Ne4 36. Rh8 Qg5 37. Rxg8+ Qxg8 38. Qc2
Qh8 39. Kg2 Qh4 40. b3 Qg5+ 41. Kh2 Qh4 42. Kg2 Qg5+ 43. Kf1 Qh4 44. Kg2
Qg5+ 45. Kh2 Qh4 46. Qe2 Ng5 47. Qf1 Nf3+ 48. Kg2 Ng5 49. Kh2 Nf3+ 50. Kg2
Ng5 51. Kh2 1/2-1/2

[Event "Open C Women"]
[Site "Moscow RUS"]
[Date "2010.02.06"]
[Round "8"]
[White "Kashlinskaya,A"]
[Black "Ju Wenjun"]
[Result "1/2-1/2"]
[WhiteElo "2315"]
[BlackElo "2512"]
[EventDate "2010.01.30"]

1. d4 f5 2. g3 Nf6 3. Bg2 g6 4. Nh3 Bg7 5. Nf4 O-O 6. h4 d6 7. d5 Na6 8.
Nc3 Bd7 9. O-O c6 10. e4 fxe4 11. Nxe4 Nxe4 12. Bxe4 Nc5 13. Bg2 e5 14.
dxe6 Bxe6 15. Nxe6 Nxe6 16. h5 d5 17. hxg6 hxg6 18. Qg4 Qf6 19. Bd2 Rae8
20. Rae1 Nd4 21. Rxe8 Rxe8 22. c3 Qf5 23. Qxf5 Nxf5 24. Re1 Rxe1+ 25. Bxe1
Kf7 1/2-1/2

[Event "Open C Women"]
[Site "Moscow RUS"]
[Date "2010.02.07"]
[Round "9"]
[White "Melia,S"]
[Black "Zhao Xue"]
[Result "1-0"]
[WhiteElo "2431"]
[BlackElo "2504"]
[EventDate "2010.01.30"]

1. e4 e5 2. Nf3 Nc6 3. Bb5 a6 4. Ba4 Nf6 5. O-O Be7 6. Re1 b5 7. Bb3 d6 8.
c3 O-O 9. d3 Na5 10. Bc2 c5 11. Nbd2 Nc6 12. Nf1 Re8 13. h3 h6 14. Ng3 Qc7
15. Be3 Bb7 16. Nf5 Bf8 17. Nh2 Ne7 18. Ng4 Nxg4 19. Qxg4 Kh8 20. Bb3 Nxf5
21. Qxf5 c4 22. Bc2 cxd3 23. Bxd3 Bc6 24. Bc2 Qb7 25. f3 Rac8 26. Bb3 Rc7
27. Rad1 Qc8 28. Qh5 Qd7 29. Rd2 Qe7 30. Red1 Qf6 31. Bd5 Bxd5 32. Rxd5 Rb8
33. a3 Kg8 34. Qg4 Qe6 35. Qg3 Rc6 36. Qf2 Rb7 37. Qd2 Be7 38. Ra1 Rc4 39.
Qd3 Rb8 40. Rc1 Rc6 41. Rd1 Bf8 42. Qc2 Rc4 43. R5d2 Rc6 44. Rd5 Rc4 45.
Qb3 Qe8 46. Qc2 Qe6 47. Qf2 Rc6 48. Qc2 Rc4 49. Qd3 Rc6 50. Rd2 Rc4 51. Rc2
Rc6 52. Kh2 Qe8 53. Rf2 Qe6 54. Rc2 Qe8 55. Qe2 Qe6 56. Rcd2 Qe8 57. Qd1
Rc4 58. Rc2 Qe6 59. Rc1 Rb7 60. Qe2 f5 61. b3 Rc6 62. Qd3 fxe4 63. Qxe4
Rbc7 64. c4 Qc8 65. Qg6 Kh8 66. f4 exf4 67. Bxf4 bxc4 68. Re1 Qd7 69. Re8
Rc8 70. Rxc8 Rxc8 71. bxc4 Rxc4 72. Rf5 Qd8 73. Bxh6 d5 74. Bxg7+ Bxg7 75.
Qh5+ 1-0

[Event "Open C Women"]
[Site "Moscow RUS"]
[Date "2010.02.07"]
[Round "9"]
[White "Paikidze,N"]
[Black "Gunina,V"]
[Result "1-0"]
[WhiteElo "2278"]
[BlackElo "2448"]
[EventDate "2010.01.30"]

1. e4 c6 2. d4 d5 3. Nc3 dxe4 4. Nxe4 Bf5 5. Ng3 Bg6 6. h4 h6 7. Nf3 Nd7 8.
h5 Bh7 9. Bd3 Bxd3 10. Qxd3 e6 11. Bd2 Qc7 12. O-O-O O-O-O 13. Qe2 Ngf6 14.
Ne5 Nb6 15. Ba5 Rd5 16. Bxb6 axb6 17. Kb1 Bd6 18. c4 Ra5 19. f4 Rd8 20. Ne4
Nxe4 21. Qxe4 b5 22. c5 Bxe5 23. fxe5 b6 24. Rc1 Kb7 25. b3 Rd5 26. cxb6
Qd7 27. Rhf1 Kxb6 28. Rc5 Ra7 29. Rd1 Rc7 30. g4 f6 31. exf6 gxf6 32. Qe3
Kb7 33. Rxd5 exd5 34. Qf3 Qh7+ 35. Kb2 Re7 36. Rc1 Re6 37. Rc2 Qe7 38. Qc3
b4 39. Qd2 Re4 40. a3 bxa3+ 41. Ka2 Rxg4 42. b4 Qd6 43. b5 cxb5 44. Rc5 Kb6
45. Qe2 Qd7 46. Qf2 Qg7 47. Rc2 Qg5 48. Qe2 Re4 49. Qh2 Qf4 50. Qh3 Qd6 51.
Qd3 f5 52. Rc5 Qd7 53. Rc2 f4 54. Qxa3 Kb7 55. Qc3 Re3 56. Qa5 f3 57. Rc5
Re2+ 58. Ka1 Qe7 59. Qxb5+ Ka7 60. Qa4+ Kb8 1-0

[Event "Open C Women"]
[Site "Moscow RUS"]
[Date "2010.02.07"]
[Round "9"]
[White "Bodnaruk,A"]
[Black "Romanko,M"]
[Result "0-1"]
[WhiteElo "2372"]
[BlackElo "2433"]
[EventDate "2010.01.30"]

1. e4 c5 2. Nf3 d6 3. d4 cxd4 4. Nxd4 Nf6 5. Nc3 Nc6 6. Bg5 g6 7. Nb3 Bg7
8. Qd2 h6 9. Bh4 g5 10. Bg3 a6 11. f3 b5 12. O-O-O Bd7 13. Kb1 Rc8 14. h4
g4 15. h5 Na5 16. e5 dxe5 17. Bxe5 Nc4 18. Bxc4 bxc4 19. Nd4 Ne4 20. Nxe4
Bxe5 21. c3 Qc7 22. Rde1 Bg7 23. fxg4 Bxg4 24. Rh4 Bd7 25. g4 Be5 26. g5
Rb8 27. Ka1 Rb6 28. Qe3 hxg5 29. Nxg5 Bf6 30. Re4 Bc8 31. h6 Rxh6 32. Nge6
Qh2 33. Re2 Qh1+ 34. Re1 Bxe6 35. Nf3 Rd6 36. Qe2 Qh3 37. Qf2 Qf5 38. Qe2
Rh3 39. Nd4 Bxd4 40. cxd4 Qf3 41. Qc2 Rh1 42. a3 Rxe1+ 43. Rxe1 Rxd4 44.
Rg1 Bg4 45. Ka2 c3 46. bxc3 Qd5+ 47. Ka1 Rd1+ 0-1

[Event "Open C Women"]
[Site "Moscow RUS"]
[Date "2010.02.07"]
[Round "9"]
[White "Kovanova,B"]
[Black "Galojan,L"]
[Result "1-0"]
[WhiteElo "2384"]
[BlackElo "2374"]
[EventDate "2010.01.30"]

1. e4 e5 2. Nf3 Nc6 3. Bb5 a6 4. Ba4 Nf6 5. d3 d6 6. c4 g6 7. h3 Bg7 8. Nc3
O-O 9. O-O h6 10. Be3 Bd7 11. Nd5 Kh7 12. Rc1 b6 13. a3 a5 14. Bb5 Nb8 15.
Nxf6+ Qxf6 16. d4 Qe7 17. dxe5 dxe5 18. Bxd7 Nxd7 19. c5 Rfd8 20. cxb6 cxb6
21. Rc7 Qe6 22. Qc2 Nf6 23. Rc1 Rd6 24. a4 Rad8 25. Nd2 R8d7 26. Rc8 Nh5
27. Nc4 Rc6 28. Rxc6 Qxc6 29. Nxb6 Qxc2 30. Rxc2 Rd1+ 31. Kh2 Nf4 32. Bd2
Ne6 33. Bxa5 Bf8 34. Rd2 Rf1 35. Nd7 Be7 36. Bb6 Bg5 37. Be3 Ra1 38. Bxg5
Nxg5 39. Nc5 Ra2 40. h4 Ne6 41. Nxe6 fxe6 42. Rd7+ Kg8 43. b3 Rxf2 44. a5
Ra2 45. b4 Kf8 46. Ra7 Ke8 47. b5 Kd8 48. b6 Kc8 49. Rc7+ Kb8 50. Rc5 Kb7
51. Rxe5 1-0

[Event "Open C Women"]
[Site "Moscow RUS"]
[Date "2010.02.07"]
[Round "9"]
[White "Pustovoitova,D"]
[Black "Severiukhina,Z"]
[Result "1-0"]
[WhiteElo "2319"]
[BlackElo "2357"]
[EventDate "2010.01.30"]

1. e4 d6 2. Nf3 Nf6 3. c3 c5 4. h3 Nc6 5. Bd3 g6 6. O-O Bg7 7. Bc2 O-O 8.
d4 cxd4 9. cxd4 d5 10. e5 Ne8 11. Nc3 Nc7 12. Re1 f6 13. exf6 Bxf6 14. Bh6
Re8 15. Bf4 Ne6 16. Be3 Na5 17. Bb3 Nc4 18. Bxc4 dxc4 19. Qa4 Bd7 20. Qxc4
Rc8 21. Qb3 Kg7 22. Ne5 b6 23. Bh6+ Kxh6 24. Nf7+ Kg7 25. Nxd8 Nxd4 26.
Qf7+ Kh8 27. Rad1 1-0